[Event "HCL-C4164"]
[Site "www.playchess.de"]
[Date "2006.03.20"]
[Round "28"]
[White "cla114"]
[Black "valpa"]
[WhiteElo "851"]
[BlackElo "1054"]
[PlyCount "39"]
[Result "1-0"]

1.e4 Nf6 2.Nc3 d5 3.exd5 Nxd5 4.Bc4 Nxc3 5.bxc3 e5 
6.d3 Nc6 7.Nf3 Bd6 8.O-O O-O 9.Ng5 Qe7 10.Qh5 h6 
11.Ne4 Bf5 12.Qxf5 g6 13.Nf6+ Kg7 14.Qh3 h5 15.Ne4 
Rae8 16.Rb1 b6 17.Qe3 Rfh8 18.Nxd6 Qxd6 19.Qf3 
Red8 20.Qxf7+ 1-0

[Event "HCL-C4185"]
[Site "www.playchess.de"]
[Date "2006.03.20"]
[Round "4"]
[White "The_Alcoholic"]
[Black "cla114"]
[WhiteElo "800"]
[BlackElo "851"]
[PlyCount "54"]
[Result "0-1"]

1.e4 e5 2.Nf3 Nc6 3.Bc4 Nf6 4.d3 d5 5.exd5 Nxd5 
6.O-O Bc5 7.Nc3 Nxc3 8.bxc3 O-O 9.Re1 Bg4 10.Re4 
Bf5 11.Re1 Qd6 12.Rb1 b6 13.Bg5 Rae8 14.Bb5 e4 
15.Nh4 Qe5 16.Bxc6 Re6 17.d4 Qd6 18.d5 Re5 19.Nxf5 
Rxf5 20.Qg4 Qg6 21.h4 Bxf2+ 22.Kf1 Bxh4+ 23.Ke2 
Bxe1 24.Rxe1 Rxg5 25.Qd7 Rxg2+ 26.Kf1 e3 27.d6 
Rf2+ 0-1

[Event "HCL-T264"]
[Site "www.playchess.de"]
[Date "2006.03.20"]
[Round "6"]
[White "Wilmy"]
[Black "golddim"]
[WhiteElo "1248"]
[BlackElo "1433"]
[PlyCount "50"]
[Result "0-1"]

1.e4 e5 2.Nf3 Nc6 3.Bb5 a6 4.Bc4 Nf6 5.d3 Bc5 
6.Bg5 d6 7.Nc3 Be6 8.Nd5 Bxd5 9.exd5 Nb8 10.O-O 
O-O 11.c3 c6 12.Re1 Qb6 13.Re2 Nbd7 14.d4 exd4 
15.Nxd4 cxd5 16.Bb3 Ne4 17.Be3 Nef6 18.Nf5 Bxe3 
19.Rxe3 Rae8 20.Rg3 Ne4 21.Rxg7+ Kh8 22.Qh5 Qxf2+ 
23.Kh1 Ndf6 24.Qh3 Qc5 25.Bc2 Nf2+ 0-1

[Event "HCL-T261"]
[Site "www.playchess.de"]
[Date "2006.03.20"]
[Round "4"]
[White "sparpaket"]
[Black "reddog"]
[WhiteElo "1560"]
[BlackElo "1775"]
[PlyCount "82"]
[Result "0-1"]

1.e4 c5 2.Nf3 d6 3.d4 cxd4 4.Nxd4 Nf6 5.Nc3 g6 
6.f3 Bg7 {Hello sparpaket, have a good game}  
7.Be3 Nc6 8.Qd2 O-O 9.Be2 Qa5 10.O-O Qh5 11.Rfd1 
Rd8 12.a3 Bd7 13.Bf1 Nxd4 14.Bxd4 Bh6 15.Qf2 Bf4 
16.g3 Be5 17.Rd2 Bxd4 18.Rxd4 Rac8 19.Rad1 Be6 
20.R1d2 Rc5 21.Nd5 Bxd5 22.exd5 b5 23.c4 bxc4 
24.Bxc4 Rdc8 25.Qe2 R5c7 26.Kg2 Qg5 27.Bb5 Rb8 
28.b4 e5 29.dxe6 Qxb5 30.Qe3 Qe5 31.exf7+ Kxf7 
32.Qb3+ d5 33.a4 Qe1 34.R4xd5 Nxd5 35.Qxd5+ Kf8 
36.Rd4 Re8 37.Rf4+ Kg7 38.h4 Re2+ 39.Kh3 h5 
40.Qd4+ Kh7 41.g4 Qh1+ 0-1

[Event "HCL-A2540"]
[Site "www.playchess.de"]
[Date "2006.03.20"]
[Round "9"]
[White "flavio"]
[Black "sparpaket"]
[WhiteElo "1415"]
[BlackElo "1535"]
[PlyCount "65"]
[Result "1-0"]

1.c4 {hi, enjoy the match}  e5 {and you!}  2.Nc3 
Nf6 3.Nf3 c6 4.Nxe5 Bb4 5.Qc2 d6 6.Nf3 O-O 7.e3 
Re8 8.d4 Ne4 9.Bd2 Nxd2 10.Qxd2 d5 11.cxd5 cxd5 
12.Be2 Nc6 13.O-O Bf5 14.a3 Ba5 15.b4 Bc7 16.Rfc1 
Rc8 17.Bd3 Be4 18.Bxe4 dxe4 19.Ne1 f5 20.Qa2+ Kh8 
21.Nd5 Bb8 22.Rc2 Qd6 23.g3 Rcd8 24.Nf4 g5 25.Ne2 
h5 26.Qf7 h4 27.Qh5+ Kg7 28.Qxg5+ Qg6 29.Qxg6+ 
Kxg6 30.Rac1 Rdc8 31.d5 Ne5 32.R2xc8 Rxc8 
33.Rxc8 1-0

[Event "HCL-B3900"]
[Site "www.playchess.de"]
[Date "2006.03.20"]
[Round "6"]
[White "Marvinni"]
[Black "k4m1k4tze"]
[WhiteElo "1717"]
[BlackElo "1200"]
[PlyCount "25"]
[Result "1-0"]

1.e4 b6 2.d3 c5 3.Nf3 Nc6 4.c3 d5 5.Nbd2 Nf6 6.g3 
dxe4 7.Nxe4 Nxe4 8.dxe4 Qxd1+ 9.Kxd1 Bg4 10.Bg2 
Rd8+ 11.Kc2 e5 12.Nd2 Be7 13.Nc4 1-0

[Event "HCL-B3934"]
[Site "www.playchess.de"]
[Date "2006.03.20"]
[Round "1"]
[White "xmen"]
[Black "chn"]
[WhiteElo "1397"]
[BlackElo "1200"]
[PlyCount "112"]
[Result "1-0"]

1.e4 e5 2.Nf3 Qf6 3.Bc4 Bc5 4.Nc3 c6 5.d3 h6 6.Be3 
Bxe3 7.fxe3 b5 8.Bb3 b4 9.Na4 d6 10.Rf1 Bg4 11.Qd2 
c5 12.h3 Bxf3 13.Rxf3 Qh4+ 14.Ke2 Nf6 15.Bd5 Nxd5 
16.exd5 Qg5 17.g3 Nd7 18.Raf1 O-O 19.h4 Qg4 20.Ke1 
Nf6 21.e4 Nh5 22.Qf2 Qd7 23.b3 Nf6 24.Rxf6 gxf6 
25.Qxf6 Kh7 26.Rf5 Rfg8 27.Qxf7+ Qxf7 28.Rxf7+ Kh8 
29.Rf6 Rxg3 30.Rxh6+ Kg7 31.Rxd6 Rf8 32.Nxc5 Rc8 
33.Rc6 Rh8 34.Kf2 Rg4 35.Ne6+ Kh6 36.Ng5+ Kh5 
37.Rf6 Rxh4 38.Nf7 Rc8 39.Rf5+ Kg6 40.Nxe5+ Kg7 
41.Rf7+ Kg8 42.Rxa7 Rxc2+ 43.Ke3 Rhh2 44.Nc6 Rcxa2 
45.Rxa2 Rxa2 46.Nxb4 Rb2 47.Kd4 Rxb3 48.Nc6 Rb7 
49.Kc5 Rh7 50.e5 Kf8 51.d6 Ke8 52.e6 Rh5+ 53.Kb6 
Rd5 54.d7+ Rxd7 55.exd7+ Kxd7 56.Kc5 
Ke6 1-0

[Event "HCL-C4129"]
[Site "www.playchess.de"]
[Date "2006.03.20"]
[Round "7"]
[White "spartan1"]
[Black "Kaspov"]
[WhiteElo "908"]
[BlackElo "1014"]
[PlyCount "55"]
[Result "1-0"]

1.Nf3 d5 2.d4 Nf6 3.e3 a6 4.c4 Bg4 5.c5 Nc6 6.h3 
Bh5 7.Bd3 e5 8.a3 e4 9.Bc2 exf3 10.g3 Qe7 11.Nc3 
O-O-O 12.Bf5+ Kb8 13.g4 Bg6 14.Qxf3 Bxf5 15.g5 Nd7 
16.Qxf5 g6 17.Qf3 Qxg5 18.Nxd5 Bg7 19.h4 Qh5 
20.Qxf7 Nxd4 21.exd4 Bxd4 22.Qf4 Rhe8+ 23.Ne3 Qxc5 
24.O-O Ref8 25.Qe4 Rde8 26.Qc2 Bxe3 27.Qxc5 Bxc5 
28.Bg5 1-0

[Event "HCL-A2617"]
[Site "www.playchess.de"]
[Date "2006.03.20"]
[Round "34"]
[White "GCP"]
[Black "carbug"]
[WhiteElo "1462"]
[BlackElo "1524"]
[PlyCount "38"]
[Result "0-1"]

1.e4 {hello again, have a good game}  e5 {Good 
game to you too, GCP}  2.Nf3 Nf6 3.d4 Nxe4 4.Bd3 
d5 5.Nxe5 Nd7 6.Qe2 Nxe5 7.Bxe4 dxe4 8.Qxe4 Be6 
9.dxe5 Bd5 10.Qg4 h5 11.Qh3 Qe7 12.O-O Qxe5 13.Nc3 
Be6 14.Qf3 Bd6 15.g3 h4 16.Bf4 Qf5 17.Qd3 hxg3 
18.fxg3 Qh3 19.Bxd6 Qxh2+ 0-1

[Event "HCL-A2590"]
[Site "www.playchess.de"]
[Date "2006.03.20"]
[Round "19"]
[White "RUDI"]
[Black "Jule"]
[WhiteElo "1234"]
[BlackElo "1362"]
[PlyCount "80"]
[Result "0-1"]

1.d4 {Ich grüße Dich}  d5 {Guten Tag. Viel Spass 
bei dieser Partie}  2.Bf4 Nc6 3.e3 a6 4.Be2 Bf5 
5.Nf3 h6 6.O-O Nf6 7.Nc3 e6 8.a3 Be7 9.g3 O-O 
10.Ne5 Nxe5 11.Bxe5 Ne4 12.Nxe4 Bxe4 13.f3 Bg6 
14.e4 dxe4 15.fxe4 Bxe4 16.c3 c5 17.Bf3 Bxf3 
18.Qxf3 f6 19.Bf4 cxd4 20.Rad1 e5 21.Bd2 Qb6 
22.Kh1 Rfd8 23.Qg4 Kf8 24.b4 Qc6+ 25.Qf3 Qxf3+ 
26.Rxf3 e4 27.Rff1 e3 28.Bxe3 dxe3 29.Rd4 Rxd4 
30.cxd4 Bd6 31.Re1 Re8 32.Kg2 f5 33.Kf3 g5 34.Rxe3 
Rxe3+ 35.Kxe3 Kf7 36.Kd3 Ke6 37.Kc4 b5+ 38.Kc3 Kd5 
39.Kd3 f4 40.gxf4 Bxf4 0-1

[Event "HCL-M883"]
[Site "www.playchess.de"]
[Date "2006.03.20"]
[Round "17"]
[White "luciano59"]
[Black "SSOF"]
[WhiteElo "2269"]
[BlackElo "1904"]
[PlyCount "21"]
[Result "1-0"]

1.e4 {ciao e bp}  e5 {ciao bpat}  2.f4 exf4 3.Nf3 
d5 4.exd5 Nf6 5.Bc4 Nxd5 6.O-O Be7 7.d4 Nc6 8.Bxd5 
Qxd5 9.Nc3 Qf5 10.d5 Nb4 11.Nd4 1-0

[Event "HCL-B3844"]
[Site "www.playchess.de"]
[Date "2006.03.20"]
[Round "10"]
[White "wedi"]
[Black "Kannsnich"]
[WhiteElo "1482"]
[BlackElo "1277"]
[PlyCount "52"]
[Result "0-1"]

1.e4 c6 2.d4 d5 3.f3 e6 4.c4 Ne7 5.Bd3 Nd7 6.cxd5 
cxd5 7.Nc3 Nb6 8.Nh3 Nc6 9.Be3 Be7 10.O-O O-O 
11.Nf4 Nb4 12.a3 Nxd3 13.Qxd3 Nc4 14.exd5 Nxe3 
15.Qxe3 exd5 16.Ncxd5 Bg5 17.Nc3 Re8 18.Qd2 Bd7 
19.d5 Qb6+ 20.Kh1 Rac8 21.Rfe1 Rxe1+ 22.Rxe1 Re8 
23.d6 Rxe1+ 24.Qxe1 Bxf4 25.Nd5 Qxd6 26.Qa5 
b6 0-1

[Event "HCL-E1562"]
[Site "www.playchess.de"]
[Date "2006.03.20"]
[Round "4"]
[White "Mosaik"]
[Black "Nobleman"]
[WhiteElo "1583"]
[BlackElo "1253"]
[PlyCount "105"]
[Result "1/2-1/2"]

1.e4 e5 2.Nf3 Nc6 3.d4 exd4 4.Nxd4 Nxd4 5.Qxd4 d6 
6.Nc3 Nf6 7.Bg5 Be7 8.O-O-O O-O 9.e5 Nd7 10.Bxe7 
Qxe7 11.exd6 cxd6 12.Kb1 Rd8 13.Qxd6 Qg5 14.f4 Qg4 
15.h3 Qg3 16.Qe7 Rf8 17.Ne4 Qxf4 18.Bd3 Nf6 
19.Nxf6+ Qxf6 20.Qxf6 gxf6 21.Rhf1 Kg7 22.Rf3 Re8 
23.Rg3+ Kh8 24.b3 Rg8 25.Rxg8+ Kxg8 26.Kb2 Be6 
27.Be4 Rb8 28.g4 b6 29.Rg1 Rd8 30.h4 Rd4 31.Bf3 
Rf4 32.Bd1 h6 33.g5 hxg5 34.hxg5 fxg5 35.Rxg5+ Kf8 
36.a4 Ke7 37.Rg8 Rd4 38.Be2 f5 39.Ra8 a5 40.Rb8 
Rd6 41.Bb5 Kf6 42.Bd3 f4 43.Rf8+ Ke5 44.Kc3 Rc6+ 
45.Kd2 Rc7 46.Rb8 Rc6 47.c4 Rd6 48.Ke2 Bg4+ 49.Kd2 
Bf5 50.Re8+ Re6 51.Rxe6+ Kxe6 52.Be2 Ke5 53.Kc3 
{(offering draw)}  1/2-1/2

[Event "HCL-B3909"]
[Site "www.playchess.de"]
[Date "2006.03.20"]
[Round "4"]
[White "huber"]
[Black "Pluto"]
[WhiteElo "1200"]
[BlackElo "1500"]
[PlyCount "23"]
[Result "1-0"]

1.e4 e5 2.Nf3 Nf6 3.Nc3 Nc6 4.d4 exd4 5.Nxd4 Bc5 
6.Be3 Nxd4 7.Bxd4 Bxd4 8.Qxd4 O-O 9.e5 Re8 10.Be2 
d6 11.exf6 Bg4 12.Qxg4 1-0

[Event "HCL-E1547"]
[Site "www.playchess.de"]
[Date "2006.03.20"]
[Round "2"]
[White "Badkarma"]
[Black "Ludger"]
[WhiteElo "2098"]
[BlackElo "1520"]
[PlyCount "35"]
[Result "1-0"]

1.e4 {Hallo und viel Spaß!}  d5 {*shake hands* 
:-)}  2.exd5 {:)}  Qxd5 3.Nc3 Qa5 4.d4 c6 5.Nf3 
Qc7 6.Be2 Nf6 7.O-O Bf5 8.Ne5 e6 9.g4 Bg6 10.h4 
Ne4 11.Bf3 Nxc3 12.bxc3 f6 13.Nxg6 hxg6 14.Qd3 
Rxh4 15.Qxg6+ Kd8 16.Re1 Qh2+ 17.Kf1 Qh3+ 
18.Ke2 1-0

[Event "HCL-B3853"]
[Site "www.playchess.de"]
[Date "2006.03.20"]
[Round "20"]
[White "Kannsnich"]
[Black "speedmat"]
[WhiteElo "1347"]
[BlackElo "1374"]
[PlyCount "51"]
[Result "1-0"]

1.c4 c6 {Hi good luck}  2.Nc3 e5 3.e4 Bc5 4.Nf3 d6 
5.g3 a6 6.Bg2 Bg4 7.O-O Nf6 8.d3 Nbd7 9.b3 O-O 
10.Bg5 h6 11.Bd2 Re8 12.Qc1 Kh7 13.h3 Bxf3 14.Bxf3 
Bd4 15.Rb1 Nc5 16.Qc2 a5 17.Ne2 Ne6 18.Bc3 c5 
19.Qd2 Qd7 20.Bxa5 Ng5 21.Bg2 Nxh3+ 22.Bxh3 Qxh3 
23.Nxd4 Ng4 24.Nf3 Re6 25.Rfd1 Rf6 
26.Ng5+ 1-0

[Event "HCL-C4181"]
[Site "www.playchess.de"]
[Date "2006.03.20"]
[Round "8"]
[White "Grunert"]
[Black "epenz"]
[WhiteElo "985"]
[BlackElo "869"]
[PlyCount "20"]
[Result "0-1"]

1.d4 d5 2.e3 Nc6 3.Nf3 Bg4 4.Be2 e6 5.h3 Bxf3 
6.Bxf3 Nf6 7.O-O Bd6 8.Nc3 O-O 9.b3 a6 10.Bb2 
b5 0-1

[Event "HCL-E1549"]
[Site "www.playchess.de"]
[Date "2006.03.20"]
[Round "6"]
[White "Nimzoindianboy"]
[Black "DreamGamer"]
[WhiteElo "1498"]
[BlackElo "1622"]
[PlyCount "68"]
[Result "0-1"]

1.Nf3 {HI FROM BRAZIL}  Nf6 {Hi from Finland, good 
game!}  2.c4 {GOOD GAME FOR U TOO}  d5 3.b3 dxc4 
4.bxc4 Nc6 5.Bb2 Bf5 6.d3 e6 7.Nbd2 Bc5 8.Nb3 Bb4+ 
9.Nfd2 e5 10.a3 Be7 11.g3 O-O 12.Bg2 Qd6 13.O-O 
Rfd8 14.Rb1 Rab8 15.Kh1 Bg4 16.Ne4 Nxe4 17.Bxe4 
Qh6 18.Bc1 Qh5 19.Re1 Bf5 20.Bf3 Qh3 21.Bg2 Qg4 
22.Bf3 {(offering draw)}  Qg6 23.Bg2 e4 24.g4 Qxg4 
25.f3 exf3 26.Bxf3 Qh4 27.c5 Ne5 28.Rb2 Nxf3 
29.exf3 Rxd3 30.Rd2 Rxd2 31.Bxd2 Bf6 32.Rg1 Qc4 
33.Be3 Bc2 34.Nd2 Bxd1 0-1

[Event "HCL-E1595"]
[Site "www.playchess.de"]
[Date "2006.03.20"]
[Round "16"]
[White "Widukind"]
[Black "HrDoctor"]
[WhiteElo "1847"]
[BlackElo "1614"]
[PlyCount "41"]
[Result "1-0"]

1.c3 {Hallo HrDoctor, greatings from Germany!}  d5 
{hello, good luck!}  2.d4 Nf6 3.Bg5 e6 4.e3 Be7 
5.Nd2 h6 6.Bh4 O-O 7.Bd3 Nbd7 8.f4 c5 9.Ngf3 c4 
10.Bc2 b5 11.O-O Ne8 12.Bxe7 Qxe7 13.Ne5 Nd6 14.a4 
Nf6 15.g4 Re8 16.g5 hxg5 17.fxg5 Nh7 18.Bxh7+ Kxh7 
19.Qh5+ Kg8 20.g6 fxg6 21.Nxg6 1-0

[Event "HCL-B3822"]
[Site "www.playchess.de"]
[Date "2006.03.20"]
[Round "12"]
[White "Regicide"]
[Black "quant"]
[WhiteElo "1015"]
[BlackElo "1503"]
[PlyCount "56"]
[Result "0-1"]

1.e4 {Hello, and I hope you enjoy the game}  e5 
{good luck}  2.Nf3 Nc6 3.Bc4 {Thanks, and you too} 
 Bc5 4.g3 d6 5.d3 h6 6.Nh4 Bh3 7.Qf3 Qf6 8.Nf5 
O-O-O 9.g4 g6 10.Qxh3 gxf5 11.exf5 Nd4 12.Bb3 Ne7 
13.Be3 d5 14.Nd2 Nec6 15.Rg1 Kb8 16.c3 Nxb3 
17.Nxb3 Be7 18.O-O-O d4 19.cxd4 exd4 20.Bf4 Nb4 
21.Qg3 Ka8 22.Bxc7 Qc6+ 23.Kb1 Qa4 24.Bxd8 Qxa2+ 
25.Kc1 Bxd8 26.Rd2 Qxb3 27.Qe5 Bf6 28.Qxf6 
Rc8+ 0-1

[Event "HCL-M880"]
[Site "www.playchess.de"]
[Date "2006.03.20"]
[Round "5"]
[White "Kurt_Rohrer"]
[Black "suffix"]
[WhiteElo "1935"]
[BlackElo "2178"]
[PlyCount "106"]
[Result "0-1"]

1.e4 {Hi from Brazil,good luck!}  e6 {Hi from 
Moscow, Russia !}  2.d4 d5 3.e5 c5 4.dxc5 Bxc5 
5.Bd3 Nc6 6.Nf3 f6 7.Qe2 fxe5 8.Nxe5 Nxe5 9.Qxe5 
Nf6 10.Bb5+ Kf7 11.O-O Rf8 12.Be3 Bd6 13.Qd4 Qc7 
14.f4 Ng4 15.Kh1 Nxe3 16.Qxe3 Kg8 17.Bd3 Bxf4 
18.Qh3 g6 19.Nc3 Bd7 20.Qg4 Be5 21.h4 Bxc3 22.bxc3 
e5 23.Qg5 Qd6 24.Rad1 Rxf1+ 25.Rxf1 Re8 26.c4 e4 
27.Be2 Bc6 28.cxd5 Qxd5 29.Qxd5+ Bxd5 30.c4 Bc6 
31.Rd1 Re5 32.Bg4 Ra5 33.Bd7 Rxa2 34.Bxc6 bxc6 
35.Re1 Rc2 36.Rxe4 a5 37.Kh2 a4 38.c5 Rxc5 39.Rxa4 
Kf7 40.Ra7+ Ke6 41.Rxh7 Rh5 42.Rg7 Kf6 43.Rc7 
Rxh4+ 44.Kg3 Rc4 45.Kf3 Kg5 46.Rg7 Rc3+ 47.Ke4 Rg3 
48.Rc7 Rxg2 49.Rxc6 Rg3 50.Ra6 Kh4 51.Ra8 g5 
52.Rf8 Rc3 53.Rf7 Kg3 0-1

[Event "HCL-A2609"]
[Site "www.playchess.de"]
[Date "2006.03.20"]
[Round "2"]
[White "bossjos"]
[Black "archship"]
[WhiteElo "1264"]
[BlackElo "1273"]
[PlyCount "65"]
[Result "1-0"]

1.e4 c5 2.Nf3 d6 3.d4 cxd4 4.Qxd4 Nc6 5.Bb5 e5 
6.Qe3 Bd7 7.O-O Nf6 8.Nc3 a6 9.Ba4 g6 10.Bd2 Bg7 
11.Rad1 b5 12.Bb3 O-O 13.a4 Bg4 14.h3 Bxf3 15.Qxf3 
Nd4 16.Qe3 Nxb3 17.cxb3 bxa4 18.bxa4 a5 19.Qf3 Qb6 
20.Nb5 Rfc8 21.Bc3 Rc4 22.Rxd6 Qb7 23.Rxf6 Bxf6 
24.Qxf6 Rxe4 25.Bxe5 Rxe5 26.Qxe5 Rd8 27.Re1 Qd7 
28.Qc3 Qf5 29.Nd6 Qd7 30.Rd1 Qxa4 31.Qf3 f5 
32.Qd5+ Kg7 33.Nxf5+ 1-0

[Event "HCL-C4153"]
[Site "www.playchess.de"]
[Date "2006.03.20"]
[Round "10"]
[White "Linman2"]
[Black "Treebeard"]
[WhiteElo "1454"]
[BlackElo "1199"]
[PlyCount "58"]
[Result "1-0"]

1.e4 e5 2.Nf3 Nc6 3.d4 exd4 4.Bc4 Nf6 5.O-O d6 
6.Nxd4 Nxd4 7.Qxd4 c5 8.Qd3 Be7 9.Nc3 O-O 10.Nd5 
Nxd5 11.Bxd5 Bf6 12.c3 Bd7 13.Be3 Qc8 14.Rfd1 Bc6 
15.Bxc6 Qxc6 16.Qxd6 Qxe4 17.Qxc5 Qc2 18.Rd2 Qa4 
19.a3 Rad8 20.Rxd8 Rxd8 21.h3 b6 {(offering draw)} 
 22.Qb4 Rd1+ 23.Rxd1 Qxd1+ 24.Kh2 h6 25.Qe4 Qe2 
26.Qa8+ Kh7 27.Qxa7 Qxb2 28.Qxb6 Qxc3 29.a4 
g5 1-0

[Event "HCL-E1590"]
[Site "www.playchess.de"]
[Date "2006.03.20"]
[Round "13"]
[White "Sobral"]
[Black "yannick"]
[WhiteElo "1500"]
[BlackElo "1632"]
[PlyCount "91"]
[Result "1-0"]

1.e4 d6 2.f4 e5 3.Nf3 exf4 4.d4 g5 5.h4 g4 6.Ng1 
f3 7.Be3 Be7 8.Bf2 fxg2 9.Bxg2 c6 10.Qd3 Nf6 
11.Nd2 d5 12.e5 Nh5 13.O-O-O Qa5 14.Kb1 Nf4 15.Qf1 
Bb4 16.Nb3 Qa6 17.Bg3 Qxf1 18.Bxf1 Nh5 19.Ne2 Bf5 
20.Bf2 Nd7 21.Ng3 Nxg3 22.Bxg3 O-O-O 23.h5 Rde8 
24.Bd3 Bxd3 25.Rxd3 c5 26.Nxc5 Nxc5 27.dxc5 Bxc5 
28.Rc3 b6 29.b4 Kb7 30.bxc5 bxc5 31.Rxc5 Kb6 
32.Rxd5 Reb8 33.Rhd1 Rhc8 34.Kc1 a5 35.R5d7 Rc3 
36.R1d3 Rcc8 37.e6 fxe6 38.Bxb8 Rxb8 39.Rb3+ Kc6 
40.Rxb8 Kxd7 41.Rb7+ Ke8 42.Rxh7 Kf8 43.h6 Kg8 
44.Rg7+ Kh8 45.Rxg4 Kh7 46.c4 1-0

[Event "HCL-C4122"]
[Site "www.playchess.de"]
[Date "2006.03.20"]
[Round "5"]
[White "Saint70"]
[Black "Metal"]
[WhiteElo "800"]
[BlackElo "800"]
[PlyCount "62"]
[Result "0-1"]

1.Nf3 f6 2.e4 e5 3.g4 g5 4.Na3 a6 5.h4 h6 6.hxg5 
Bg7 7.gxf6 Nxf6 8.Nxe5 Nxe4 9.Qf3 Bxe5 10.Qxe4 Qe7 
11.Rh5 d6 12.d4 Bxd4 13.Be3 Qxe4 14.Bd3 Qe7 
15.O-O-O Bxg4 16.Rd5 Bxe3+ 17.fxe3 Qxe3+ 18.Rd2 
Qg1+ 19.Bf1 Qxf1+ 20.R2d1 Qf4+ 21.R5d2 O-O 22.Rg1 
Kh7 23.b3 Qe4 24.Rdg2 Rg8 25.Nc4 Nc6 26.Nd2 Qf5 
27.R2xg4 Rxg4 28.Rxg4 Qxg4 29.Kb2 Qd4+ 30.Kc1 Nb4 
31.Nb1 Nxa2+ 0-1

[Event "HCL-M907"]
[Site "www.playchess.de"]
[Date "2006.03.20"]
[Round "2"]
[White "little_Garry"]
[Black "Blitzmich"]
[WhiteElo "2116"]
[BlackElo "2147"]
[PlyCount "57"]
[Result "1/2-1/2"]

1.e4 {Hallo, und viel Spaß !!}  c5 {Hallo, schön 
wenn man mal "Deutsch" reden kann :-) Dir auch 
viel Spaß!}  2.Nf3 {Stimmt, deutsche Gegner sind 
hier selten.}  d6 {...dann bin ich gespannt, ob 
'Garry' diese Variante kennt :-) Gruß aus Jena}  
3.d4 {Garry kennt alles ;-) Gruß aus Göttingen}  
cxd4 {:-))}  4.Nxd4 Nf6 5.Nc3 g6 6.Be3 Bg7 7.f3 
O-O 8.Qd2 Nc6 9.O-O-O d5 10.Nxc6 bxc6 11.exd5 Nxd5 
12.Bd4 Bxd4 13.Qxd4 Qc7 14.h4 Bf5 15.g4 Be6 
16.Nxd5 Bxd5 17.h5 Rad8 18.Qe3 Qb6 19.Rd3 Qxe3+ 
20.Rxe3 Be6 21.Bd3 Rd6 22.g5 Kg7 23.a3 Rfd8 24.Re2 
gxh5 25.Reh2 R6xd3 26.cxd3 Rxd3 27.R2xh5 Rxf3 
28.R5xh7+ Kg6 29.R7h8 {(offering draw)} 
 1/2-1/2

[Event "HCL-C4167"]
[Site "www.playchess.de"]
[Date "2006.03.20"]
[Round "10"]
[White "kaio"]
[Black "mudelta"]
[WhiteElo "800"]
[BlackElo "1163"]
[PlyCount "105"]
[Result "1-0"]

1.d4 d5 2.Nc3 c6 3.Bf4 e6 4.Bxb8 Rxb8 5.Nf3 Bb4 
6.Qd2 Nf6 7.a3 Bxc3 8.bxc3 Ne4 9.Qe3 O-O 10.c4 
Qa5+ 11.Kd1 Nc3+ 12.Kc1 dxc4 13.Qe5 Qb6 14.Qxb8 
Bd7 15.Qe5 f6 16.Qc5 Qxc5 17.dxc5 b6 18.Nd2 b5 
19.e4 Na4 20.g3 Nxc5 21.c3 Na4 22.Kc2 c5 23.Rd1 
Bc6 24.Bh3 f5 25.Bg2 Nb6 26.f4 Nd7 27.Rhg1 Nf6 
28.e5 Bxg2 29.exf6 Bc6 30.fxg7 Kxg7 31.Nf1 a5 
32.Ne3 Kf6 33.Kb2 Rb8 34.Rd6 Be8 35.Ra6 a4 36.g4 
h5 37.gxf5 Bf7 38.Rd6 Ke7 39.Rgd1 Rb7 40.fxe6 Bxe6 
41.f5 Bd7 42.Rh6 b4 43.cxb4 cxb4 44.axb4 Rxb4+ 
45.Kc3 Rb3+ 46.Kd4 c3 47.Nd5+ Kf7 48.Rh7+ Ke8 
49.Nf6+ Kd8 50.Rxd7+ Kc8 51.Re1 Rb4+ 52.Kc5 Re4 
53.Rxe4 1-0

[Event "ACL-E214"]
[Site "www.playchess.de"]
[Date "2006.03.20"]
[Round "5"]
[White "Viktor"]
[Black "sloba55"]
[WhiteElo "1576"]
[BlackElo "2078"]
[PlyCount "70"]
[Result "0-1"]

1.d4 {Hi! Good Luck!}  Nf6 {hi, good game}  2.c4 
e6 3.Nc3 Bb4 4.a3 Bxc3+ 5.bxc3 Nc6 6.e4 Nxe4 7.Qg4 
Nf6 8.Qxg7 Rg8 9.Qh6 e5 10.d5 Na5 11.Bg5 Rg6 
12.Qh4 h6 13.Bxh6 Rg4 14.Qh3 d6 15.Qd3 Nb3 16.Ra2 
Nc5 {Happy New Year}  17.Qc2 Re4+ 18.Be2 Ng4 
19.Bc1 Qh4 20.g3 Qh7 21.f3 Rxe2+ 22.Nxe2 Bf5 
23.Qd1 Nd3+ 24.Kd2 Qh6+ 25.f4 O-O-O 26.Qf1 Ngf2 
27.Rg1 Bh3 28.Rg2 Qg6 29.Qxf2 Nxf2 30.Rxf2 Qe4 
31.Ke1 exf4 32.Rxf4 Qh1+ 33.Kd2 Re8 34.a4 Bg4 
35.Rxg4 Qg2 0-1

[Event "HCL-A2622"]
[Site "www.playchess.de"]
[Date "2006.03.20"]
[Round "1"]
[White "schlueter"]
[Black "Kinslayer"]
[WhiteElo "1597"]
[BlackElo "1726"]
[PlyCount "59"]
[Result "1/2-1/2"]

1.d4 f5 2.Nf3 Nf6 3.g3 e6 4.Bg2 Be7 5.O-O O-O 6.c4 
c6 7.Nc3 d5 8.cxd5 exd5 9.Bg5 Nbd7 10.e3 Ne4 
11.Bxe7 Qxe7 12.Rc1 Ndf6 13.a3 g5 14.Ne5 Nd6 15.b4 
Nf7 16.f4 Ne4 17.Nxe4 fxe4 18.Qb3 gxf4 19.Rxf4 Be6 
20.Nxf7 Rxf7 21.Rcf1 Raf8 22.b5 R7xf4 23.Rxf4 Rxf4 
24.gxf4 Qh4 25.bxc6 Qe1+ 26.Bf1 Bh3 27.Qb5 Qxe3+ 
28.Kh1 Qf3+ 29.Kg1 Bxf1 30.Qxd5+ {(offering draw)} 
 1/2-1/2

[Event "HCL-B3822"]
[Site "www.playchess.de"]
[Date "2006.03.20"]
[Round "21"]
[White "Regicide"]
[Black "IRONMAIDEN"]
[WhiteElo "1015"]
[BlackElo "1337"]
[PlyCount "68"]
[Result "0-1"]

1.e4 e5 {Hi!}  2.Nf3 {Hi - heavy metal fan?}  Nc6 
{Sure. How come you know?}  3.d4 {I was around 
then}  exd4 {you like metal?}  4.Nxd4 {I used to, 
but aging eardrums can't take the decibels any 
longer}  Ne5 5.Qh5 d6 6.Bg5 Be7 7.Be3 Nf6 8.Bb5+ 
c6 9.Qe2 O-O 10.Bc4 Nxe4 11.f3 Nc5 12.Nd2 d5 
13.Bb3 Bf6 14.f4 Ng6 15.O-O-O Re8 16.Rhf1 Nxb3+ 
17.N2xb3 Bd7 18.f5 Ne5 19.g4 Nc4 20.g5 Nxe3 21.Qh5 
Bxg5 22.Rfg1 f6 23.Rd3 Nc4+ 24.Kb1 Re4 25.Nc5 Rh4 
26.Qf3 Qb6 27.b3 Na3+ 28.Kb2 Nc4+ 29.Ka1 Qxc5 
30.Ne2 Ne5 31.Rc3 Qb4 32.Qf1 d4 33.Nxd4 Qxc3+ 
34.Kb1 Rxd4 0-1

[Event "HCL-E1600"]
[Site "www.playchess.de"]
[Date "2006.03.20"]
[Round "7"]
[White "jmcerna"]
[Black "yannick"]
[WhiteElo "1530"]
[BlackElo "1632"]
[PlyCount "38"]
[Result "0-1"]

1.e4 d6 {hi enjoy this game}  2.d4 {Hi. Good 
Luck.}  Nf6 3.f3 e5 4.Ne2 Be7 5.c4 O-O 6.Bg5 Nc6 
7.Nbc3 Nxe4 8.Bxe7 Nxc3 9.Bxd8 Nxd1 10.Bxc7 Ne3 
11.Kf2 Nxf1 12.Rhxf1 exd4 13.Bxd6 Rd8 14.Bc5 Be6 
15.b3 d3 16.Nf4 b6 17.Ba3 h6 18.Rfe1 Nd4 19.Rac1 
d2 0-1

[Event "HCL-B3916"]
[Site "www.playchess.de"]
[Date "2006.03.20"]
[Round "13"]
[White "dg"]
[Black "donsimon"]
[WhiteElo "1214"]
[BlackElo "1076"]
[PlyCount "69"]
[Result "1-0"]

1.e4 {hi}  c5 {hi there}  2.Nf3 Nf6 3.e5 Nd5 4.c4 
Nf4 5.g3 Ng6 6.Bg2 e6 7.O-O Nc6 8.d3 Ncxe5 9.Nxe5 
Nxe5 10.Nc3 g6 11.Be3 a6 12.Bf4 Bg7 13.Bxe5 Bxe5 
14.Na4 Qc7 15.Qb3 Rb8 16.Qb6 Qxb6 17.Nxb6 Bxb2 
18.Rab1 Bd4 19.Nxc8 Rxc8 20.Bxb7 Rc7 21.Bxa6 O-O 
22.Rb7 Rfc8 23.Rfb1 Rxb7 24.Rxb7 Ra8 25.Rb6 d5 
26.cxd5 c4 27.Rd6 Be5 28.Rc6 c3 29.dxe6 fxe6 30.a4 
c2 31.Bb5 Ra7 32.Rxc2 Bd4 33.Rc6 e5 34.Kg2 Rf7 
35.Bc4 1-0

[Event "HCL-C4242"]
[Site "www.playchess.de"]
[Date "2006.03.20"]
[Round "1"]
[White "blomingdale"]
[Black "jittobr"]
[WhiteElo "800"]
[BlackElo "800"]
[PlyCount "23"]
[Result "1-0"]

1.e4 e5 2.Nf3 Qf6 3.d4 d6 4.Bg5 Qe6 5.d5 Qg6 6.Nc3 
h6 7.Be3 Bg4 8.Bb5+ Nd7 9.h3 Bxf3 10.Qxf3 O-O-O 
11.Bxa7 b6 12.Ba6+ 1-0

[Event "HCL-A2582"]
[Site "www.playchess.de"]
[Date "2006.03.20"]
[Round "4"]
[White "peta"]
[Black "victorabiodun03"]
[WhiteElo "1403"]
[BlackElo "1357"]
[PlyCount "72"]
[Result "0-1"]

1.e4 e6 2.Nf3 d5 3.d3 Nf6 4.e5 Nfd7 5.d4 c5 6.c3 
Qb6 7.Be2 Nc6 8.O-O Be7 9.Nbd2 O-O 10.c4 cxd4 
11.cxd5 exd5 12.Nb3 Ndxe5 13.Nbxd4 Bc5 14.Be3 Nc4 
15.Nxc6 Nxe3 16.fxe3 Bxe3+ 17.Kh1 bxc6 18.Ne5 Be6 
19.Rf3 Bd4 20.Nd3 Bg4 21.Rg3 Bxe2 22.Qxe2 Rfe8 
23.Qg4 Re4 24.Qd7 Rd8 25.Qf5 Qc7 26.Rf1 Qd7 27.Qg5 
Qe7 28.Qh5 g6 29.Qh6 Rh4 30.Qd2 Qd6 31.Re1 Qxg3 
32.h3 Bb6 33.Re7 Re4 34.Rb7 Rde8 35.Qc3 R4e2 
36.Nf4 R2e1+ 0-1